Východ potrebuje nové heslá Rakúske reklamné agentúry - po vlne nadšenia skromnejšie vyhliadky

Pôsobenie medzinárodných reklamných agentúr vo východnej Európe.

Salvato in:
Dettagli Bibliografici
Autore principale: Žiaková, M.
Natura: Capitolo di libro
Lingua:slovacco
Soggetti:
Tags: Aggiungi Tag
Nessun Tag, puoi essere il primo ad aggiungerne!!

MARC

LEADER 00000naa a2200000 4500
001 r000310
005 20221213114019.6
041 0 |a slo 
044 |a SK 
245 1 0 |a Východ potrebuje nové heslá  |b Rakúske reklamné agentúry - po vlne nadšenia skromnejšie vyhliadky  |c M. Žiaková 
520 |a Pôsobenie medzinárodných reklamných agentúr vo východnej Európe. 
610 2 0 |a reklama 
610 2 0 |a agentúry 
610 2 0 |a podnikanie 
610 2 0 |a východná Európa 
100 1 |a Žiaková, M.